00684nam a2200193Ia 4500008004100000082001600041100001900057245004900076250000800125260002500133300001300158500002400171650001500195700002000210942000700230952010600237952013000343999001700473230524s9999 xx 000 0 und d a610.28bVIC aMaurice Victor 0aPrinciples of Neurology (Adams and Victor's) a7TH aNEW DELHIbMGHc2003 aVII;1645 aQuantity Number: 2 aBiomedical a Allan H.Ropper cBK 00104070aTATCLbTATCLcGENd2023-05-24l0o610.28 VICp16054r2023-05-24w2023-05-24yBKzBCSE3303 00104070aTATCLbTATCLcGENd2023-05-24l1o610.28 VICp18972q2015-06-01r2024-02-02s2024-02-02w2023-05-24yBKzBCSE3303 c36731d36731